000 00995nam a2200301Ia 4500
003 OSt
005 20200818175125.0
008 191128s20062007ck fr 001 0 spa d
020 _a9583505633
_qv.1
020 _a9789583505986
_qv.2
040 _aCO-JMCR
_cCO-JMCR
041 0 _aspa
082 0 4 _a346.012 /
_bV152d
_223
100 1 _aValencia Zea, Arturo,
_eautor
_98869
245 1 0 _aDerecho civil /
_cArturo Valencia Zea y Álvaro Ortíz Monsalve
250 _aDecimosexta edición
260 _aBogotá :
_bTemis,
_c2006
300 _a2 volúmenes ;
_c24 cm.
490 0 _aDerecho civil
500 _aIncluye índice de disposiciones y de materias.
504 _aBibliografía: páginas 633-646
505 0 _gV.1
_tparte general y personas
_gV.2
_tDerechos reales
650 1 4 _aPersonas (Derecho)
_zColombia
_98870
650 1 4 _aDerecho civil
_zColombia
_98871
650 1 4 _aHermenéutica jurídica
_98872
700 1 _aOrtíz Monsalve, Álvaro,
_eautor
_98873
942 _2ddc
_cBK
999 _c5905
_d5905